| 000 | 00495nam a2200205Ia 4500 | ||
|---|---|---|---|
| 005 | 20251020182610.0 | ||
| 008 | 200515s9999 xx 000 0 und d | ||
| 082 | _aSC/625.86/A21 | ||
| 100 | _aACHACHAU AYQUIPA, Regulo | ||
| 245 | 0 | _aMedición de deflexiones por medio de la viga Benkelman | |
| 260 | _aLima | ||
| 260 | _c2000 | ||
| 300 | _a83 | ||
| 650 | _aDEFLEXIONES | ||
| 650 | _aLABORATORIO DE SUELOS | ||
| 650 | _aLIB | ||
| 650 | _aM-SENC | ||
| 650 | _aPAVIMENTOS | ||
| 942 | _cLIB | ||
| 999 |
_c3323 _d3323 |
||